Trenerzy zespołów Premier League 24/25 - Statystyki

Ogólne statystyki
  • Ten quiz został rozwiązany 71 razy
  • Średni wynik to 11 z 20
Statystyki odpowiedzi
Hint Odpowiedź % Poprawnych
Manchester United Erik ten Hag
93%
Arsenal Mikel Arteta
93%
Manchester City Pep Guardiola
93%
Aston Villa Unai Emery
91%
Liverpool Arne Slot
86%
Chelsea FC Enzo Maresca
79%
Everton Sean Dyche
73%
Newcastle United Eddie Howe
68%
Brentford Thomas Frank
59%
Nottingham Forest Nuno Espírito Santo
52%
Tottenham Hotspur Ange Postecoglou
43%
Crystal Palace Oliver Glasner
41%
AFC Bournemouth Andoni Iraola
39%
West Ham United Julen Lopetegui
39%
Ipswich Town Kieran McKenna
36%
Fulham Marco Silva
34%
Brighton & Hove Albion Fabian Hürzeler
29%
Wolverhampton Wanderers Gary O'Neil
27%
Leicester City Steve Cooper
25%
Southampton Russell Martin
21%
Nie znaleziono quizów pasujących do podanych kryteriów
Rozkład punktacji
Procent ludzi z każdym wynikiem
Percentyl według liczby udzielonych odpowiedzi
Twoja historia wyników
Nie rozwiązałeś tego quizu